[Event "Infowars"]
[Site "SchemingMind.com"]
[Date "2011.10.26"]
[Round "-"]
[White "Clive Everill"]
[Black "Olli Ylönen"]
[Result "0-1"]
[WhiteCountry "CZE"]
[BlackCountry "FIN"]
[WhiteElo "1816"]
[WhiteRD "51"]
[BlackElo "1778"]
[BlackRD "48"]
[GameID "295568"]

1. e4 e5 2. f4 exf4 3. Bc4 Nf6 4. Qe2 Bc5 5. e5 O-O 6. Nf3 Nc6 7. d3 d5 8. Bb5 Bd7 9. Bxf4 Ng4 10. Bxc6 Bxc6
11. d4 Bd6 12. exd6 Re8 13. Be5 Nxe5 14. dxe5 cxd6 15. O-O Qb6+ 16. Kh1 Qxb2 17. Nbd2 Qxc2 18. Qf2 Qg6 19. exd6 Bb5 20. Rfe1 Qxd6
21. Rxe8+ Bxe8 22. Re1 b6 23. Nd4 g6 24. Nb5 Bxb5 25. Qd4 Qc5 26. Qf6 Bc4 27. h4 h5 28. Nf3 Bxa2 29. Ng5 d4 30. Re2 d3
31. Rxa2 Qc1+ 32. Kh2 Rf8 33. Ne4 b5 34. Rd2 b4 35. Rxd3 Qc7+ 36. Kg1 Qc1+ 37. Kh2 Qc7+ 38. Nd6 Rd8 39. Qe5 b3 40. Kh3 b2
41. Qxb2 Rxd6 42. Rxd6 Qxd6 43. Qb7 Qb6 44. Qc8+ Kg7 45. Qc3+ Kh7 46. Qf3 Qe6+ 47. Kh2 a5 48. Qa3 Qe5+ 49. Kh3 Qf5+ 50. Kh2 Qf4+
51. g3 Qb4 52. Qa2 Kg8 53. Qd5 a4 54. Qd8+ Kg7 55. Qg5 Qb2+ 56. Kh3 a3 57. g4 hxg4+ 58. Qxg4 a2 59. h5 a1=Q
0-1

[Event "Infowars"]
[Site "SchemingMind.com"]
[Date "2011.10.26"]
[Round "-"]
[White "Olli Ylönen"]
[Black "Clive Everill"]
[Result "1/2-1/2"]
[WhiteCountry "FIN"]
[BlackCountry "CZE"]
[WhiteElo "1778"]
[WhiteRD "48"]
[BlackElo "1816"]
[BlackRD "51"]
[GameID "295571"]

1. e4 d6 2. d4 Nf6 3. Nc3 e5 4. Nf3 Nbd7 5. Bc4 Be7 6. O-O Nb6 7. Be2 exd4 8. Nxd4 O-O 9. a4 a5 10. Bf4 c6
11. Qd3 Re8 12. h3 Nbd7 13. Rfe1 Ne5 14. Qg3 Ng6 15. Nf5 Bxf5 16. exf5 Nxf4 17. Qxf4 Bf8 18. g4 d5 19. g5 Ne4 20. Bd3 Nxc3
21. bxc3 Rxe1+ 22. Rxe1 Bd6 23. Qh4 Qd7 24. g6 fxg6 25. fxg6 h6 26. Qh5 Rf8 27. Re3 Bc5 28. Rf3 Rxf3 29. Qxf3 Qe6 30. Qf4 Bd6
31. Qh4 Be7 32. Qf4 Bd6=
1/2-1/2

[Event "Infowars"]
[Site "SchemingMind.com"]
[Date "2011.10.23"]
[Round "-"]
[White "César Jesús Reyes Maldonado"]
[Black "emvarela"]
[Result "1-0"]
[WhiteCountry "VEN"]
[BlackCountry "ARG"]
[WhiteElo "2510"]
[WhiteRD "54"]
[BlackElo "1797"]
[BlackRD "49"]
[GameID "295636"]

1. e4 e5 2. Nf3 Nc6 3. Bb5 a6 4. Ba4 Nf6 5. O-O Be7 6. Re1 b5 7. Bb3 O-O 8. h3 Bb7 9. d3 d6 10. a3 Na5
11. Ba2 c5 12. Nbd2 Re8 13. Nf1 Nc6 14. Ne3 h6 15. c3 Qc7 16. Nh4 Nh7 17. Nhf5 Nd8 18. Qg4 Bf6 19. Nxg7 Bxg7 20. Nf5
1-0

[Event "Infowars"]
[Site "SchemingMind.com"]
[Date "2011.10.23"]
[Round "-"]
[White "emvarela"]
[Black "César Jesús Reyes Maldonado"]
[Result "0-1"]
[WhiteCountry "ARG"]
[BlackCountry "VEN"]
[WhiteElo "1815"]
[WhiteRD "51"]
[BlackElo "2530"]
[BlackRD "56"]
[GameID "295639"]

1. e4 c5 2. Nf3 d6 3. d4 cxd4 4. Nxd4 Nf6 5. Nc3 a6 6. Be3 e5 7. Nb3 Be7 8. f3 O-O 9. Qd2 Be6 10. O-O-O Nbd7
11. g4 b5 12. g5 Nh5 13. Nd5 Bxd5 14. exd5 f6 15. gxf6 Bxf6 16. Be2 Nb6 17. Rhg1 Qc7 18. f4 Nc4 19. Bxc4 bxc4 20. Na5 exf4
21. Bd4 Bxd4 22. Qxd4 Qxa5 23. Rg5 f3 24. Rxh5 Rae8 25. Rg1 Re1+ 26. Rxe1 Qxe1+ 27. Qd1 f2
0-1

[Event "Infowars"]
[Site "SchemingMind.com"]
[Date "2011.10.24"]
[Round "-"]
[White "jjb091"]
[Black "martyk89"]
[Result "1-0"]
[WhiteCountry "USA"]
[BlackCountry "USA"]
[WhiteElo "1871"]
[WhiteRD "90"]
[BlackElo "1586"]
[BlackRD "110"]
[GameID "295661"]

1. e4 e5 2. Nf3 Nc6 3. Bb5 Bc5 4. c3 d6 5. d4 a6 6. Bxc6+ bxc6 7. dxc5 Nf6 8. Nbd2 Ng4 9. O-O Be6 10. Re1 d5
11. Qa4 Qd7 12. Ng5 O-O 13. Nxe6 Qxe6 14. Nf3 Qg6 15. Bd2 f5 16. exf5 Qxf5 17. Re2 Rf6 18. h3 h5 19. hxg4 hxg4 20. Nh4 Qh5
21. g3 g5 22. Bxg5 Qxg5 23. Qc2 e4 24. c4 Kg7 25. Qd2 Qe5 26. cxd5 cxd5 27. Rd1 c6 28. Ng2 Rh8 29. Qd4 Qh5 30. Nh4 Kf7
31. Kf1 Ke6 32. a4 Qh7 33. b4 Rf5 34. Ke1 Rh5 35. b5 Ra8 36. bxc6 Rc8 37. Rb1 e3 38. Rxe3+ Kf7 39. Rb7+ Kg8 40. Rxh7 Kxh7
41. Re7+ Kh6 42. Qg7#
1-0

[Event "Infowars"]
[Site "SchemingMind.com"]
[Date "2011.10.24"]
[Round "-"]
[White "martyk89"]
[Black "jjb091"]
[Result "0-1"]
[WhiteCountry "USA"]
[BlackCountry "USA"]
[WhiteElo "1586"]
[WhiteRD "110"]
[BlackElo "1871"]
[BlackRD "90"]
[GameID "295664"]

1. e4 e6 2. e5 d6 3. Nf3 Nc6 4. d4 dxe5 5. dxe5 Qxd1+ 6. Kxd1 Bc5 7. Be3 Bxe3 8. fxe3 Nge7 9. Nbd2 O-O 10. c3 Ng6
11. Ne4 Ncxe5 12. Kc2 b6 13. Nfd2 Bb7 14. Rg1 Rad8 15. Rd1 Ng4 16. h3 Nxe3+ 17. Kc1 Nxd1 18. Kxd1 Bxe4 19. Kc1 Bb7 20. g3 Rd7
21. Be2 Rfd8 22. Nb3 Bd5 23. c4 Be4 24. h4 a5 25. Rd1 Rxd1+ 26. Bxd1 a4 27. Nd2 Bf5 28. Bxa4 Ne7 29. Nf1 Bd3 30. Ne3 Nf5
31. Nxf5 Bxf5 32. Bd1 Rd3 33. g4 Rxd1+ 34. Kxd1 Bxg4+ 35. Kd2 f5
0-1

[Event "Infowars"]
[Site "SchemingMind.com"]
[Date "2011.10.26"]
[Round "-"]
[White "Aadsje"]
[Black "mmccaffe"]
[Result "1-0"]
[WhiteCountry "NED"]
[BlackCountry "USA"]
[WhiteElo "2184"]
[WhiteRD "51"]
[BlackElo "1631"]
[BlackRD "53"]
[GameID "295776"]

1. Nf3 Nf6 2. d4 g6 3. g3 Bg7 4. Bg2 O-O 5. O-O d6 6. h3 c6 7. a4 a5 8. Re1 Nbd7 9. e4 d5 10. e5 Ne8
11. Nc3 f6 12. exf6 exf6 13. Bf4 Nc7 14. Qe2 f5 15. Qe7 Qxe7 16. Rxe7 Re8 17. Rxg7+ Kxg7 18. Bxc7 Nf6 19. Be5 Kf7 20. Ng5+ Kg7
21. Bxf6+ Kxf6 22. Nxh7+ Kg7 23. Ng5 Bd7 24. Nf3 Re7 25. Bf1 Rae8 26. Kg2
1-0

[Event "Infowars"]
[Site "SchemingMind.com"]
[Date "2011.10.26"]
[Round "-"]
[White "mmccaffe"]
[Black "Aadsje"]
[Result "0-1"]
[WhiteCountry "USA"]
[BlackCountry "NED"]
[WhiteElo "1631"]
[WhiteRD "53"]
[BlackElo "2184"]
[BlackRD "51"]
[GameID "295782"]

1. c4 c5 2. Nc3 Nc6 3. Nf3 e5 4. g3 g6 5. d3 Bg7 6. Bg2 Nge7 7. O-O d6 8. Bd2 O-O 9. a3 a5 10. Rb1 Rb8
11. Nb5 d5 12. cxd5 Nxd5 13. Nc3 Nf6 14. Be3 b6 15. Ne1 Nd4 16. Bxd4 exd4 17. Ne4 Bf5 18. Nxf6+ Qxf6 19. e4 dxe3 20. fxe3 Qd6
21. Be4 Bxe4 22. dxe4 Qxd1 23. Rxd1 Bxb2 24. Nc2 b5 25. Rd5 c4 26. Nd4 c3
0-1

[Event "Infowars"]
[Site "SchemingMind.com"]
[Date "2011.10.31"]
[Round "-"]
[White "Manfred Kraut"]
[Black "Wojciech  Langer"]
[Result "0-1"]
[WhiteCountry "GER"]
[BlackCountry "INT"]
[WhiteElo "1548"]
[WhiteRD "89"]
[BlackElo "1609"]
[BlackRD "91"]
[GameID "295925"]

1. d4 Nf6 2. Nf3 e6 3. e3 c5 4. c4 b6 5. Bd3 cxd4 6. Nxd4 Bd6 7. O-O Qc7 8. Nf3 Bb7 9. Nbd2 Nc6 10. b3 O-O
11. Bb2 Be5 12. Nxe5 Nxe5 13. Bxe5 Qxe5 14. Nf3 Qc7 15. Rc1 Rfe8 16. Nd4 Qe5 17. Nf3 Qc7 18. Qc2 e5 19. Ng5 g6 20. Ne4 Qc6
21. f3 Rac8 22. Nxf6+ Qxf6 23. Be4 Bc6 24. a4 a5 25. Bxc6 Rxc6 26. f4 exf4 27. Rxf4 Qe5 28. Qf2 Rf8 29. Qf3 Re6 30. Re1 Qc3
31. Rf1 Qxe3+ 32. Qxe3 Rxe3 33. Rd4 Rxb3 34. Rxd7 Rb4 35. Rd6 Rxc4 36. Rxb6 Rxa4 37. Ra6 Ra2 38. Rb1 Re8 39. Rab6 Ree2 40. Rb8+ Kg7
41. h3 Rxg2+ 42. Kf1 Raf2+ 43. Ke1 Ra2 44. Kf1 a4 45. Ra8 Rh2 46. Kg1 Rxh3 47. Rb4 a3 48. Ra7 Rc3 49. Rb1 Rcc2 50. Kf1 Rab2
51. Rxb2 axb2
0-1

[Event "Infowars"]
[Site "SchemingMind.com"]
[Date "2011.10.31"]
[Round "-"]
[White "Wojciech  Langer"]
[Black "Manfred Kraut"]
[Result "0-1"]
[WhiteCountry "INT"]
[BlackCountry "GER"]
[WhiteElo "1590"]
[WhiteRD "90"]
[BlackElo "1551"]
[BlackRD "88"]
[GameID "295929"]

1. d4 g6 2. e4 Bg7 3. c4 d6 4. Nc3 Nf6 5. Nf3 O-O 6. Be2 Nbd7 7. Qc2 c5 8. d5 Ne5 9. Nxe5 dxe5 10. Be3 e6
11. Bxc5 Re8 12. h3 b6 13. Be3 Bb7 14. a3 a6 15. Rd1 exd5 16. cxd5 Rc8 17. O-O Nxe4 18. Qb3 Nxc3 19. Bxb6 Nxe2+ 20. Kh2 Qd6
0-1

[Event "Infowars"]
[Site "SchemingMind.com"]
[Date "2011.10.30"]
[Round "-"]
[White "The Capitalist"]
[Black "docjan"]
[Result "0-1"]
[WhiteCountry "USA"]
[BlackCountry "SWE"]
[WhiteElo "1423"]
[WhiteRD "73"]
[BlackElo "2311"]
[BlackRD "55"]
[GameID "296000"]

1. e4 e5 2. Nf3 Nc6 3. Bb5 a6 4. Ba4 Nf6 5. O-O Be7 6. Re1 b5 7. Bb3 O-O 8. c3 d6 9. h3 Na5 10. Bc2 c5
11. d4 Qc7 12. Nbd2 Bd7 13. Nf1 cxd4 14. cxd4 Rac8 15. Ne3 Nc4 16. Nxc4 bxc4 17. Bd2 Rfe8 18. Bc3 Bf8 19. Qd2 h6 20. Re3 Bb5
21. a4 Bd7 22. dxe5 dxe5 23. g4 Bc5 24. Re2 Nxg4 25. hxg4 Bxg4 26. Kg2 Re6 27. b3 Rd8 28. Qe1 Rf6 29. b4 Bxf3+ 30. Kf1 Qd7
31. Rd2 Qh3+
0-1

[Event "Infowars"]
[Site "SchemingMind.com"]
[Date "2011.10.30"]
[Round "-"]
[White "John Galvin"]
[Black "cncbob"]
[Result "1-0"]
[WhiteCountry "USA"]
[BlackCountry "ENG"]
[WhiteElo "2175"]
[WhiteRD "101"]
[BlackElo "1465"]
[BlackRD "158"]
[GameID "296001"]

1. e4 e5 2. Nf3 Nc6 3. Nc3 Nf6 4. Bb5 Bb4 5. O-O O-O 6. d3 d6 7. Bg5 Bxc3 8. bxc3 h6 9. Bh4 Qe7 10. Bxc6 bxc6
11. Nd2 Be6 12. d4 Rfd8 13. Qe2 g5 14. Bg3 Bd7 15. dxe5 Ne8 16. exd6 cxd6 17. f4 Nc7 18. Qh5 Kh7 19. fxg5
1-0

[Event "Infowars"]
[Site "SchemingMind.com"]
[Date "2011.10.30"]
[Round "-"]
[White "docjan"]
[Black "The Capitalist"]
[Result "1-0"]
[WhiteCountry "SWE"]
[BlackCountry "USA"]
[WhiteElo "2321"]
[WhiteRD "54"]
[BlackElo "1455"]
[BlackRD "73"]
[GameID "296005"]

1. d4 Nf6 2. c4 e6 3. Nc3 Bb4 4. Qc2 O-O 5. Bg5 c5 6. Nf3 cxd4 7. Nxd4 Be7 8. e4 h6 9. Bh4 g5 10. Bg3 Bb4
11. e5 Bxc3+ 12. Qxc3 Ne4 13. Qe3 Nxg3 14. hxg3 Kg7 15. O-O-O d5 16. exd6 Qxd6 17. Nf5+ exf5 18. Rxd6 Nc6 19. Rdxh6 Be6 20. Qxg5#
1-0

[Event "Infowars"]
[Site "SchemingMind.com"]
[Date "2011.10.30"]
[Round "-"]
[White "cncbob"]
[Black "John Galvin"]
[Result "0-1"]
[WhiteCountry "ENG"]
[BlackCountry "USA"]
[WhiteElo "1465"]
[WhiteRD "158"]
[BlackElo "2175"]
[BlackRD "101"]
[GameID "296006"]

1. e4 c5 2. Nf3 e6 3. d4 cxd4 4. Nxd4 Nc6 5. Nc3 Qc7 6. Be3 a6 7. Be2 b5 8. Nxc6 dxc6 9. O-O Bb7 10. a3 Nf6
11. Bf3 Bd6 12. g3 c5 13. Qe2 Be5 14. Bd2 O-O 15. Nxb5 axb5 16. Qxb5 Ba6
0-1

[Event "Infowars"]
[Site "SchemingMind.com"]
[Date "2011.12.14"]
[Round "-"]
[White "John Galvin"]
[Black "Wojciech  Langer"]
[Result "1-0"]
[WhiteCountry "USA"]
[BlackCountry "INT"]
[WhiteElo "2250"]
[WhiteRD "62"]
[BlackElo "1630"]
[BlackRD "92"]
[GameID "298975"]

1. e4 e5 2. Nf3 Nc6 3. Nc3 Nf6 4. Bb5 Bb4 5. O-O O-O 6. d3 d6 7. Bg5 Bxc3 8. bxc3 Qe7 9. Re1 a6 10. Bxc6 bxc6
11. Rb1 Qe6 12. c4 c5 13. Nh4 h6 14. Bd2 Qe8 15. h3 c6 16. f4 exf4 17. e5 Qd8 18. exf6 Qxf6 19. Nf3 Qg6 20. Kf1 Bf5
21. Nh4 Bxd3+ 22. cxd3 Qxd3+ 23. Qe2 Qd4 24. Nf5
1-0

[Event "Infowars"]
[Site "SchemingMind.com"]
[Date "2011.12.14"]
[Round "-"]
[White "Wojciech  Langer"]
[Black "John Galvin"]
[Result "0-1"]
[WhiteCountry "INT"]
[BlackCountry "USA"]
[WhiteElo "1629"]
[WhiteRD "97"]
[BlackElo "2311"]
[BlackRD "57"]
[GameID "298978"]

1. d4 Nf6 2. c4 g6 3. Nc3 d5 4. cxd5 Nxd5 5. e4 Nxc3 6. bxc3 Bg7 7. Nf3 c5 8. Rb1 O-O 9. Be2 Nc6 10. d5 Bxc3+
11. Bd2 Bxd2+ 12. Qxd2 Na5 13. O-O Bg4 14. Ne5 Bxe2 15. Qxe2 Qd6 16. f4 c4 17. Rf3 Rac8 18. Rh3 f6 19. Ng4 Qxf4 20. Qf3 Qxf3
21. Rxf3 Kg7 22. Kf2 b6 23. h4 h5 24. Ne3 Nb7 25. g4 Rh8 26. gxh5 Rxh5 27. Ng2 Nd6 28. Re3 c3 29. Rc1 Rc4 30. Kf3 Nb5
31. Kg3 Re5 32. Kf3 Ra4
0-1

[Event "Infowars"]
[Site "SchemingMind.com"]
[Date "2011.12.16"]
[Round "-"]
[White "Olli Ylönen"]
[Black "jjb091"]
[Result "1-0"]
[WhiteCountry "FIN"]
[BlackCountry "USA"]
[WhiteElo "1843"]
[WhiteRD "55"]
[BlackElo "1871"]
[BlackRD "94"]
[GameID "299075"]

1. e4 c5 2. Nf3 d6 3. d4 cxd4 4. Nxd4 Nf6 5. Nc3 e6 6. Be3 a6 7. g4 e5 8. Nf5 g6 9. g5 gxf5 10. exf5 d5
11. gxf6 d4 12. Bc4 Qc7 13. Qd3 dxe3 14. O-O-O exf2 15. Bxf7+ Kxf7 16. Qd5+ Kxf6 17. Ne4+ Ke7 18. f6+ Ke8 19. f7+ Ke7 20. Qd2 Qb6
21. Qg5+ Kxf7 22. Rhf1 Bh6 23. Rxf2+ Ke8 24. Rd8+ Qxd8 25. Qxh6 Qe7 26. Nf6+ Kd8 27. Nd5 Qc5 28. Qg5+ Kd7 29. Qg7+ Kd6 30. Rd2 Rd8
31. Qe7+ Kc6 32. Qc7+ Kb5 33. a4+ Kc4 34. b3#
1-0

[Event "Infowars"]
[Site "SchemingMind.com"]
[Date "2011.12.16"]
[Round "-"]
[White "jjb091"]
[Black "Olli Ylönen"]
[Result "1-0"]
[WhiteCountry "USA"]
[BlackCountry "FIN"]
[WhiteElo "1898"]
[WhiteRD "91"]
[BlackElo "1825"]
[BlackRD "58"]
[GameID "299078"]

1. e4 e5 2. Nf3 Nc6 3. Bb5 f5 4. Nc3 fxe4 5. Nxe4 d5 6. Nxe5 dxe4 7. Nxc6 Qg5 8. Qe2 Nf6 9. f4 Qxf4 10. Nxa7+ Bd7
11. Bxd7+ Kxd7 12. Qb5+ Ke6 13. Qxb7 Bd6 14. Qb3+ Kd7 15. Qf7+ Kd8 16. Nc6+ Kc8 17. Ne7+ Bxe7 18. Qxe7 Re8 19. Qc5 Ra6 20. Qe3 Qf5
21. Rf1 Qg6 22. Qe2 Ng4 23. g3 e3 24. d3 Nxh2 25. Qxh2 e2 26. Rf2 Rf6 27. Bf4 h5 28. Kd2 Rfe6 29. Re1
1-0

[Event "Infowars"]
[Site "SchemingMind.com"]
[Date "2012.02.18"]
[Round "-"]
[White "docjan"]
[Black "maro"]
[Result "1-0"]
[WhiteCountry "SWE"]
[BlackCountry "MEX"]
[WhiteElo "2353"]
[WhiteRD "62"]
[BlackElo "1368"]
[BlackRD "59"]
[GameID "303451"]

1. e4 e5 2. f4 f6 3. fxe5 fxe5 4. Qh5+ g6 5. Qxe5+ Ne7 6. Qxh8 d5 7. Nf3 Qd6 8. Nc3 dxe4 9. Nxe4 Qc6 10. Nf6+ Kf7
11. Ng5#
1-0

[Event "Infowars"]
[Site "SchemingMind.com"]
[Date "2012.02.18"]
[Round "-"]
[White "maro"]
[Black "docjan"]
[Result "0-1"]
[WhiteCountry "MEX"]
[BlackCountry "SWE"]
[WhiteElo "1401"]
[WhiteRD "62"]
[BlackElo "2352"]
[BlackRD "61"]
[GameID "303455"]

1. e4 c5 2. d4 cxd4 3. Qxd4 Nc6 4. Qe3 Nf6 5. Nc3 d5 6. exd5 Nxd5 7. Nxd5 Qxd5 8. b3 Nb4 9. Bd3 Bf5 10. Qd2 Nxd3+
11. Kf1 Nf4 12. Qxd5 Nxd5 13. Ne2 Bxc2 14. Nd4 Bd3+ 15. Ke1 e5 16. Nf3 f6 17. Kd2 e4 18. Nd4 Bb4+ 19. Kd1 Bc3
0-1

[Event "Infowars"]
[Site "SchemingMind.com"]
[Date "2012.02.29"]
[Round "-"]
[White "César Jesús Reyes Maldonado"]
[Black "Aadsje"]
[Result "1-0"]
[WhiteCountry "VEN"]
[BlackCountry "NED"]
[WhiteElo "2575"]
[WhiteRD "62"]
[BlackElo "2253"]
[BlackRD "58"]
[GameID "304276"]

1. e4 e5 2. Nf3 Nc6 3. Bb5 a6 4. Ba4 Nf6 5. O-O Be7 6. Re1 b5 7. Bb3 d6 8. c3 O-O 9. h3 Na5 10. Bc2 c5
11. d4 Qc7 12. Nbd2 cxd4 13. cxd4 Bd7 14. Nf1 Rac8 15. Ne3 Nc6 16. d5 Na5 17. b3 Nb7 18. b4 Ra8 19. Bd2 Rfc8 20. Bd3 Qb6
21. a3 Bd8 22. Qe2 Nh5 23. Ng4 Be7 24. Ngxe5 dxe5 25. Nxe5 Nf6 26. Nxd7 Nxd7 27. e5 Bh4 28. Be3 Qd8= 29. Bd4 Nf8 30. Rad1 Bg5
31. Qg4 Bh6 32. Be4 Rab8 33. e6
1-0

[Event "Infowars"]
[Site "SchemingMind.com"]
[Date "2012.05.04"]
[Round "-"]
[White "John Galvin"]
[Black "docjan"]
[Result "1-0"]
[WhiteCountry "USA"]
[BlackCountry "SWE"]
[WhiteElo "2378"]
[WhiteRD "60"]
[BlackElo "2298"]
[BlackRD "59"]
[GameID "309832"]

1. e4 e5 2. Nc3 Nf6 3. Bc4 Bc5 4. d3 O-O 5. Nf3 d6 6. Na4 Nbd7 7. Nxc5 Nxc5 8. Be3 a5 9. Bxc5 dxc5 10. Nxe5 Qe8
11. f4 b5 12. Bxf7+ Rxf7 13. Nxf7 Qxf7 14. O-O Bb7 15. e5 Qg6 16. Qd2 Nd5 17. f5 Qg4 18. Rae1 Qd4+ 19. Kh1 Rf8 20. f6 Bc6
21. Qg5 Rf7 22. Re4 Qxb2 23. Qf5 Nxf6 24. Qc8+ Rf8 25. Qe6+ Kh8 26. exf6
1-0

[Event "Infowars"]
[Site "SchemingMind.com"]
[Date "2012.05.06"]
[Round "-"]
[White "docjan"]
[Black "John Galvin"]
[Result "0-1"]
[WhiteCountry "SWE"]
[BlackCountry "USA"]
[WhiteElo "2243"]
[WhiteRD "61"]
[BlackElo "2314"]
[BlackRD "69"]
[GameID "309836"]

1. d4 Nf6 2. c4 g6 3. Nf3 Bg7 4. Bf4 d5 5. e3 O-O 6. Be2 c5 7. O-O cxd4 8. exd4 Nc6 9. Nc3 dxc4 10. Bxc4 Na5
11. Bd3 Bg4 12. h3 Bxf3 13. Qxf3 Qxd4 14. Rfd1 Qb6 15. Rd2 Rad8 16. Be3 Qc6 17. Qf4 Nh5 18. Qb4 Bxc3 19. bxc3 Qc7 20. Rad1 Nc6
21. Qh4 Nf6 22. Bh6 Rfe8 23. Qc4 Rd7 24. Bc2 Red8 25. Bf4 Qc8 26. Rxd7 Rxd7 27. Rxd7 Qxd7 28. Bb3 e6 29. Qe2 Nd5 30. Qd3 Qd8
31. Bh6 Qa5 32. Bd2 Nf6 33. f3 Qe5 34. Bh6 Qe1+ 35. Kh2 Qe5+ 36. Kg1 a6 37. Kf1 Nd5 38. c4 Nf6 39. Qd2 Qc7 40. c5 Nd7
41. Be3 Ne7 42. Qb4 h5 43. a4 Nf6 44. Qd2 Nfd5 45. Bd4 Kf8 46. Qh6+ Ke8 47. Qh8+ Kd7 48. Kg1 Qf4 49. a5 Nc6 50. Ba4 Ne7
51. Qg7 Kc7 52. Bxc6 Kxc6 53. Qh8 Kb5 54. Qd8 Nd5 55. Qd7+ Kc4 56. Bf2 Qc7 57. Qa4+ Nb4 58. Qd1 Kb5 59. Qf1+ Kxa5 60. Qa1+ Kb5
61. Qf1+ Kc6 62. Qd1 b5
0-1

[Event "Infowars"]
[Site "SchemingMind.com"]
[Date "2012.05.23"]
[Round "-"]
[White "César Jesús Reyes Maldonado"]
[Black "Olli Ylönen"]
[Result "1-0"]
[WhiteCountry "VEN"]
[BlackCountry "FIN"]
[WhiteElo "2586"]
[WhiteRD "82"]
[BlackElo "1845"]
[BlackRD "53"]
[GameID "310720"]

1. e4 e5 2. Nf3 Nc6 3. Bb5 Nf6 4. O-O Nxe4 5. d4 Nd6 6. Bxc6 dxc6 7. dxe5 Nf5 8. Qxd8+ Kxd8 9. Nc3 Ke8 10. Rd1 a5
11. h3 a4 12. a3 h6 13. Bf4 Be6 14. Rd3 Ne7 15. Nd4 Bc4 16. Rdd1 Nd5 17. Nxd5 cxd5 18. e6 c6 19. Re1 g5 20. Bg3 Bc5
21. Nf5 d4 22. Bd6 Bb6 23. Be5 Bxe6 24. Bxh8 Kd7 25. Bxd4
1-0

[Event "Infowars"]
[Site "SchemingMind.com"]
[Date "2012.05.19"]
[Round "-"]
[White "Olli Ylönen"]
[Black "César Jesús Reyes Maldonado"]
[Result "0-1"]
[WhiteCountry "FIN"]
[BlackCountry "VEN"]
[WhiteElo "1845"]
[WhiteRD "53"]
[BlackElo "2586"]
[BlackRD "82"]
[GameID "310721"]

1. e4 c5 2. Nf3 d6 3. d4 cxd4 4. Nxd4 Nf6 5. Nc3 a6 6. Be3 e5 7. Nf3 Be7 8. Bc4 O-O 9. O-O Be6 10. Bb3 Nc6
11. Bg5 Nd7 12. Bxe7 Qxe7 13. Nd5 Qd8 14. Qe2 Nc5 15. Rad1 Rc8 16. h3 Ne7 17. Rd2 Ng6 18. Nc3 b5 19. Rfd1 Nxb3 20. Rxd6 Nd4
21. R6xd4 exd4 22. Nxd4 Qf6 23. Nxe6 fxe6 24. Rd6 Nf4 25. Qe3 Qg5 26. g4 Qh4 27. Kh2 Nxh3
0-1